
Library Catalogue

| 000 -LEADER | |
|---|---|
| fixed length control field | 00848nam a2200145Ia 4500 |
| 005 - DATE AND TIME OF LATEST TRANSACTION | |
| control field | 20260209120133.0 |
| 008 - FIXED-LENGTH DATA ELEMENTS--GENERAL INFORMATION | |
| fixed length control field | 260209s9999||||xx |||||||||||||| ||und|| |
| 100 ## - MAIN ENTRY--PERSONAL NAME | |
| Personal name | Iish Vinay |
| 245 #0 - TITLE STATEMENT | |
| Title | Tying in arrangements under competition law |
| 260 ## - PUBLICATION, DISTRIBUTION, ETC. | |
| Place of publication, distribution, etc. | BangaloreBangalore |
| Name of publisher, distributor, etc. | NLSIU |
| Date of publication, distribution, etc. | 2014 |
| 300 ## - PHYSICAL DESCRIPTION | |
| Extent | 77 p. ; 25 cm. |
| 505 ## - FORMATTED CONTENTS NOTE | |
| Formatted contents note | TABLE OF CONTENTS Introduction 6; Tying Arrangement- School of Thoughts 13; Tying Arrangement and Bundling 21; Tying Arrangement and Per se Illegality 27; Tying Arrangement- US Legal Perspective 31; Tying Arrangement- EU Legal Perspective 43; Tying Arrangement and Intellectual Property Rights 53; Tying Arrangement- Indian Legal Perspective 58; Conclusion 71; Bibliography 73. |
| 700 ## - ADDED ENTRY--PERSONAL NAME | |
| Personal name | Prof. (Dr.) T S Somashekhar - GuideProf. (Dr.) T S Somashekhar - Guide |
| 856 ## - ELECTRONIC LOCATION AND ACCESS | |
| Uniform Resource Identifier | <a href="https://dans.nls.ac.in/handle/123456789/1787">https://dans.nls.ac.in/handle/123456789/1787</a> |
| Withdrawn status | Lost status | Damaged status | Not for loan | Home library | Current library | Date acquired | Total Checkouts | Barcode | Date last seen | Price effective from | Koha item type |
|---|---|---|---|---|---|---|---|---|---|---|---|
| . | . | 09.02.2026 | LLM479 | 09.02.2026 | 09.02.2026 | Dissertation |